Alliterative Groups of Things - Statistics

General Stats
  • This quiz has been taken 1,365 times
  • The average score is 18 of 28
Answer Stats
Group Answer % Correct
5 W's of Journalism When
98%
5 W's of Journalism Where
98%
5 W's of Journalism What
97%
5 W's of Journalism Who
97%
5 W's of Journalism Why
96%
3 R's of Waste Management Recycle
93%
3 R's of Waste Management Reuse
90%
3 S's of Hygiene Shave
88%
3 R's of Education Reading
87%
3 K's of Tradition Cooking
85%
3 S's of Hygiene Shower
83%
3 R's of Education Writing
83%
3 R's of Education Arithmetic
77%
3 H's of Service Heart
76%
3 H's of Service Head
74%
3 R's of Waste Management Reduce
68%
3 H's of Service Hands
57%
4 F's of Evolution Feeding
52%
3 S's of Hygiene Toilet
52%
3 K's of Tradition Children
42%
4 F's of Evolution Fight
35%
4 F's of Evolution Flight
33%
4 F's of Evolution Reproduction
29%
4 P's of Marketing Product
28%
4 P's of Marketing Price
18%
4 P's of Marketing Placement
17%
4 P's of Marketing Promotion
13%
3 K's of Tradition Church
5%
No matching quizzes found
Score Distribution
Percent of People with Each Score
Percentile by Number Answered
Your Score History
You have not taken this quiz